000 00845nam a2200217 i 4500
001 85453
003 ES-MaACL
005 20230906175239.0
007 t|
008 041129s1947 sp ||||1| spa d
080 _a639-1.081.323
100 0 _aJuan Manuel, Don (
_d1282-1348)
_9174238
245 1 0 _aLibro de la caza /
_cDon Juan Manuel, Infante de Castilla ; prólogo, edición, estudio y notas de José María Castro y Calvo.
260 _aBarcelona :
_b[s.n.],
_c1947 (
_fImp. Agustín Núñez)
300 _a235 p. :
_bil. ;
_c16 p.
594 _aPrecede al tít.: Consejo Superior de Investigaciones Científicas. Instituto Antonio de Nebrija.
650 4 _aCetrería-
_vObras anteriores a 1800.
_9140544
700 1 _aCastro y Calvo, José María.
_936967
710 2 _aInstituto Antonio de Nebrija.
_94795
852 4 _aES-MaACL
_jC-4935
999 _c85453
_d85453